| 000 | 00419nam a2200181Ia 4500 | ||
|---|---|---|---|
| 001 | 4527 | ||
| 005 | 20260306145802.0 | ||
| 008 | 260306t1965||||xx |||||||||||||| ||spa|| | ||
| 041 | _aESP | ||
| 082 |
_a324.2 _bN47 |
||
| 100 |
_aNeumann, Sigmund _eAUT |
||
| 245 | 0 | _aPartidos políticos modernos | |
| 260 | _c1965 | ||
| 300 |
_a671 páginas : _c23 cm. |
||
| 650 | _aGEN | ||
| 654 | _aCDE | ||
| 942 |
_cLIB _dJUS _fJUS _2ddc _n |
||
| 999 |
_c4527 _d4527 |
||